000 00596nam a22002053a 4500
005 20241012064210.0
008 010531s1999 mx fr 000 0 spa d
020 _a9706283625
035 _aUPN01000116437
049 _aCG
050 4 _aHV51
_bCH3.7
100 1 _aChapela, Luz María
_932682
245 1 0 _aRed social de servicios /
_cTexto Luz María Chapela.
260 _aMéxico :
_bCONAPO,
_c1999.
300 _a63 p. :
_bil.
440 0 _aCuadernos de Población
650 4 _aINSTITUCIONES SOCIALES -
_zMEXICO
650 4 _aINSTITUCIONES PUBLICAS -
_vDIRECTORIOS
_98309
905 _aLibro
999 _c89174
_d89174